[Event "DEM U16w 2023"]
[Site "Willingen GER"]
[Date "2023.06.03"]
[Round "9"]
[White "Bursan, Ana-Maria"]
[Black "Rotärmel, Leonie"]
[Result "1/2-1/2"]
[Termination "normal"]
[Board "11"]
[WhiteElo "1412"]
[BlackElo "1606"]
[WhiteClock "00:00:38"]
[BlackClock "00:01:29"]
[PlyCount "55"]
[WhiteFideId "34620150"]
[BlackFideId "16281390"]
[EventCountry "GER"]
[EventRounds "9"]
[EventType "swiss"]
[EventDate "2023.05.27"]

1. d4 {[%clk 01:30:59]} d5 {[%clk 01:30:56]} {[%emt 00:00:05]} 2. Bf4 {[%clk
01:30:33]} {[%emt 00:00:54]} Nf6 {[%clk 01:31:13]} {[%emt 00:00:14]} 3. e3
{[%clk 01:30:35]} {[%emt 00:00:27]} Bf5 {[%clk 01:29:09]} {[%emt 00:02:35]} 4.
Be2 {[%clk 01:28:03]} {[%emt 00:03:01]} e6 {[%clk 01:28:23]} {[%emt 00:01:15]}
5. Nf3 {[%clk 01:26:36]} {[%emt 00:01:57]} c5 {[%clk 01:23:23]} {[%emt
00:05:30]} 6. c3 {[%clk 01:24:18]} {[%emt 00:02:48]} Nc6 {[%clk 01:20:02]}
{[%emt 00:03:52]} 7. h3 {[%clk 01:21:56]} {[%emt 00:02:52]} cxd4 {[%clk
01:15:50]} {[%emt 00:04:41]} 8. exd4 {[%clk 01:18:06]} {[%emt 00:04:19]} Bd6
{[%clk 01:12:36]} {[%emt 00:03:43]} 9. Bxd6 {[%clk 01:13:01]} {[%emt 00:05:34]}
Qxd6 {[%clk 01:12:57]} {[%emt 00:00:10]} 10. Qb3 {[%clk 01:10:11]} {[%emt
00:03:20]} O-O {[%clk 01:07:32]} {[%emt 00:05:54]} 11. O-O {[%clk 01:06:21]}
{[%emt 00:04:19]} Rab8 {[%clk 01:02:55]} {[%emt 00:05:08]} 12. Nbd2 {[%clk
01:01:27]} {[%emt 00:05:25]} Rfc8 {[%clk 00:48:19]} {[%emt 00:15:06]} 13. Nh4
{[%clk 00:56:49]} {[%emt 00:05:06]} Be4 {[%clk 00:46:59]} {[%emt 00:01:51]} 14.
Nxe4 {[%clk 00:47:28]} {[%emt 00:09:51]} dxe4 {[%clk 00:43:58]} {[%emt
00:03:32]} 15. g3 {[%clk 00:41:29]} {[%emt 00:06:28]} b5 {[%clk 00:34:58]}
{[%emt 00:09:31]} 16. a3 {[%clk 00:35:46]} {[%emt 00:06:14]} Nd5 {[%clk
00:25:42]} {[%emt 00:09:45]} 17. f4 {[%clk 00:29:36]} {[%emt 00:06:39]} Ne3
{[%clk 00:19:46]} {[%emt 00:06:27]} 18. Rf2 {[%clk 00:28:04]} {[%emt 00:02:02]}
g5 {[%clk 00:10:00]} {[%emt 00:10:15]} 19. Ng2 {[%clk 00:26:42]} {[%emt
00:01:53]} Nxg2 {[%clk 00:07:29]} {[%emt 00:03:02]} 20. Kxg2 {[%clk 00:24:32]}
{[%emt 00:02:39]} gxf4 {[%clk 00:07:01]} {[%emt 00:00:58]} 21. Rxf4 {[%clk
00:24:45]} {[%emt 00:00:17]} f5 {[%clk 00:06:10]} {[%emt 00:01:22]} 22. Rxf5
{[%clk 00:24:53]} {[%emt 00:00:22]} Kh8 {[%clk 00:04:40]} {[%emt 00:01:59]} 23.
Rxb5 {[%clk 00:19:33]} {[%emt 00:05:50]} Rg8 {[%clk 00:03:53]} {[%emt
00:01:17]} 24. g4 {[%clk 00:18:19]} {[%emt 00:01:45]} Rbf8 {[%clk 00:03:27]}
{[%emt 00:00:56]} 25. Rf1 {[%clk 00:15:25]} {[%emt 00:03:24]} Rxf1 {[%clk
00:02:48]} {[%emt 00:01:09]} 26. Bxf1 {[%clk 00:15:41]} {[%emt 00:00:15]} Rf8
{[%clk 00:01:50]} {[%emt 00:01:27]} 27. Qc2 {[%clk 00:10:06]} {[%emt 00:06:06]}
e3 {[%clk 00:01:29]} {[%emt 00:00:51]} 28. Rh5 {[%clk 00:00:38]} {[%emt
00:09:58]} 1/2-1/2

[Event "DEM U16w 2023"]
[Site "Willingen GER"]
[Date "2023.06.03"]
[Round "9"]
[White "Ottlik, Marie"]
[Black "Kern, Jennifer"]
[Result "1/2-1/2"]
[Termination "normal"]
[Board "12"]
[WhiteElo "1552"]
[BlackElo "1333"]
[WhiteClock "00:03:48"]
[BlackClock "00:04:26"]
[PlyCount "60"]
[WhiteFideId "16281730"]
[BlackFideId "16251350"]
[EventCountry "GER"]
[EventRounds "9"]
[EventType "swiss"]
[EventDate "2023.05.27"]

1. e4 {[%clk 01:30:57]} {[%emt 00:00:05]} d5 {[%clk 01:30:53]} {[%emt
00:00:07]} 2. exd5 {[%clk 01:30:39]} {[%emt 00:00:47]} Nf6 {[%clk 01:31:02]}
{[%emt 00:00:21]} 3. Nc3 {[%clk 01:28:12]} {[%emt 00:02:57]} Nxd5 {[%clk
01:29:18]} {[%emt 00:02:14]} 4. d4 {[%clk 01:18:32]} {[%emt 00:10:11]} Bf5
{[%clk 01:18:37]} {[%emt 00:11:10]} 5. Bc4 {[%clk 01:14:06]} {[%emt 00:04:56]}
Nxc3 {[%clk 01:15:57]} {[%emt 00:03:10]} 6. bxc3 {[%clk 01:12:40]} {[%emt
00:01:56]} e6 {[%clk 01:12:47]} {[%emt 00:03:40]} 7. Rb1 {[%clk 01:06:12]}
{[%emt 00:06:57]} c5 {[%clk 01:08:28]} {[%emt 00:04:49]} 8. Nf3 {[%clk
00:55:02]} {[%emt 00:11:40]} a6 {[%clk 00:58:54]} {[%emt 00:10:06]} 9. Rxb7
{[%clk 00:47:53]} {[%emt 00:07:38]} Be4 {[%clk 00:36:47]} {[%emt 00:22:37]} 10.
Rb1 {[%clk 00:42:00]} {[%emt 00:06:21]} Nc6 {[%clk 00:30:33]} {[%emt 00:06:45]}
11. O-O {[%clk 00:38:22]} {[%emt 00:04:08]} Qf6 {[%clk 00:26:07]} {[%emt
00:04:57]} 12. Re1 {[%clk 00:27:05]} {[%emt 00:11:46]} Bxf3 {[%clk 00:24:12]}
{[%emt 00:02:25]} 13. Qxf3 {[%clk 00:26:54]} {[%emt 00:00:41]} Qxf3 {[%clk
00:24:04]} {[%emt 00:00:38]} 14. gxf3 {[%clk 00:26:57]} {[%emt 00:00:26]} cxd4
{[%clk 00:24:11]} {[%emt 00:00:22]} 15. Bd5 {[%clk 00:23:56]} {[%emt 00:03:30]}
Rc8 {[%clk 00:21:43]} {[%emt 00:02:59]} 16. Bxc6+ {[%clk 00:22:38]} {[%emt
00:01:48]} Rxc6 {[%clk 00:21:18]} {[%emt 00:00:56]} 17. Rb8+ {[%clk 00:22:53]}
{[%emt 00:00:16]} Kd7 {[%clk 00:19:39]} {[%emt 00:02:07]} 18. cxd4 {[%clk
00:18:53]} {[%emt 00:04:32]} Rxc2 {[%clk 00:18:48]} {[%emt 00:01:21]} 19. Ba3
{[%clk 00:15:40]} {[%emt 00:03:42]} Rc8 {[%clk 00:15:27]} {[%emt 00:03:52]} 20.
Rxc8 {[%clk 00:15:03]} {[%emt 00:01:07]} Kxc8 {[%clk 00:12:59]} {[%emt
00:02:58]} 21. Rc1+ {[%clk 00:14:02]} {[%emt 00:01:31]} Kd7 {[%clk 00:12:43]}
{[%emt 00:00:46]} 22. Bc5 {[%clk 00:13:12]} {[%emt 00:01:20]} Bd6 {[%clk
00:11:13]} {[%emt 00:02:00]} 23. Rb1 {[%clk 00:09:49]} {[%emt 00:03:53]} Rc8
{[%clk 00:06:09]} {[%emt 00:05:34]} 24. Rb7+ {[%clk 00:06:54]} {[%emt
00:03:24]} Rc7 {[%clk 00:06:00]} {[%emt 00:00:40]} 25. Rb6 {[%clk 00:06:23]}
{[%emt 00:01:01]} Bxc5 {[%clk 00:05:52]} {[%emt 00:00:38]} 26. dxc5 {[%clk
00:06:35]} {[%emt 00:00:19]} Rc6 {[%clk 00:05:49]} {[%emt 00:00:32]} 27. Rb7+
{[%clk 00:04:57]} {[%emt 00:02:08]} Rc7 {[%clk 00:05:39]} {[%emt 00:00:40]} 28.
Rb6 {[%clk 00:05:18]} {[%emt 00:00:10]} Rc6 {[%clk 00:04:45]} {[%emt 00:01:24]}
29. Rb7+ {[%clk 00:04:15]} {[%emt 00:01:33]} Rc7 {[%clk 00:04:41]} {[%emt
00:00:33]} 30. Rb6 {[%clk 00:03:48]} {[%emt 00:00:57]} Rc6 {[%clk 00:04:26]}
{[%emt 00:00:43]} 1/2-1/2

[Event "DEM U16w 2023"]
[Site "Willingen GER"]
[Date "2023.06.03"]
[Round "9"]
[White "Petrosyan, Ani"]
[Black "Heuberger, Sandra"]
[Result "1-0"]
[Termination "normal"]
[Board "13"]
[WhiteElo "1370"]
[BlackElo "1196"]
[WhiteClock "00:30:36"]
[BlackClock "00:27:56"]
[PlyCount "131"]
[WhiteFideId "16248015"]
[BlackFideId "16232151"]
[EventCountry "GER"]
[EventRounds "9"]
[EventType "swiss"]
[EventDate "2023.05.27"]

1. d4 {[%clk 01:30:54]} {[%emt 00:00:05]} d5 {[%clk 01:30:50]} {[%emt
00:00:11]} 2. c4 {[%clk 01:31:18]} {[%emt 00:00:06]} e6 {[%clk 01:31:16]}
{[%emt 00:00:04]} 3. cxd5 {[%clk 01:31:26]} {[%emt 00:00:21]} exd5 {[%clk
01:31:22]} {[%emt 00:00:25]} 4. Nc3 {[%clk 01:31:46]} {[%emt 00:00:11]} Nf6
{[%clk 01:31:35]} {[%emt 00:00:16]} 5. g3 {[%clk 01:32:04]} {[%emt 00:00:11]}
Bb4 {[%clk 01:31:16]} {[%emt 00:00:51]} 6. a3 {[%clk 01:31:57]} {[%emt
00:00:36]} Be7 {[%clk 01:30:28]} {[%emt 00:01:19]} 7. Bg2 {[%clk 01:32:17]}
{[%emt 00:00:09]} O-O {[%clk 01:30:08]} {[%emt 00:00:51]} 8. Nf3 {[%clk
01:32:20]} {[%emt 00:00:25]} a6 {[%clk 01:28:59]} {[%emt 00:01:40]} 9. O-O
{[%clk 01:31:33]} {[%emt 00:01:16]} Be6 {[%clk 01:28:12]} {[%emt 00:01:17]} 10.
Qb3 {[%clk 01:30:11]} {[%emt 00:01:53]} Nc6 {[%clk 01:27:12]} {[%emt 00:01:31]}
11. Bf4 {[%clk 01:27:05]} {[%emt 00:03:34]} Rb8 {[%clk 01:25:41]} {[%emt
00:02:02]} 12. Qc2 {[%clk 01:25:14]} {[%emt 00:02:20]} Re8 {[%clk 01:18:48]}
{[%emt 00:07:25]} 13. Rfd1 {[%clk 01:23:30]} {[%emt 00:02:12]} Qd7 {[%clk
01:17:49]} {[%emt 00:01:29]} 14. Ne5 {[%clk 01:19:03]} {[%emt 00:04:58]} Qc8
{[%clk 01:10:39]} {[%emt 00:07:40]} 15. Rac1 {[%clk 01:16:40]} {[%emt
00:02:52]} Rd8 {[%clk 01:07:10]} {[%emt 00:04:00]} 16. Na4 {[%clk 01:14:07]}
{[%emt 00:03:03]} Bf5 {[%clk 01:05:10]} {[%emt 00:02:30]} 17. Nxc6 {[%clk
01:03:35]} {[%emt 00:11:01]} bxc6 {[%clk 01:05:03]} {[%emt 00:00:38]} 18. Qxc6
{[%clk 01:02:32]} {[%emt 00:01:34]} Bd7 {[%clk 01:03:34]} {[%emt 00:01:59]} 19.
Qc2 {[%clk 01:00:03]} {[%emt 00:02:59]} Bxa4 {[%clk 00:58:23]} {[%emt
00:05:41]} 20. Qxa4 {[%clk 00:58:59]} {[%emt 00:01:34]} Rxb2 {[%clk 00:57:52]}
{[%emt 00:01:01]} 21. Rxc7 {[%clk 00:57:50]} {[%emt 00:01:40]} Qe6 {[%clk
00:56:20]} {[%emt 00:02:01]} 22. e3 {[%clk 00:56:51]} {[%emt 00:01:28]} Ra2
{[%clk 00:54:35]} {[%emt 00:02:16]} 23. Rc6 {[%clk 00:55:14]} {[%emt 00:02:07]}
Qf5 {[%clk 00:52:27]} {[%emt 00:02:38]} 24. Qb3 {[%clk 00:48:41]} {[%emt
00:07:01]} Rxa3 {[%clk 00:49:15]} {[%emt 00:03:44]} 25. Qb7 {[%clk 00:48:00]}
{[%emt 00:01:11]} Bf8 {[%clk 00:47:12]} {[%emt 00:02:33]} 26. Rxa6 {[%clk
00:44:25]} {[%emt 00:04:06]} Rc3 {[%clk 00:46:21]} {[%emt 00:01:19]} 27. Qb1
{[%clk 00:40:39]} {[%emt 00:04:10]} Rc2 {[%clk 00:42:42]} {[%emt 00:04:17]} 28.
Rd2 {[%clk 00:38:51]} {[%emt 00:02:18]} Rdc8 {[%clk 00:38:08]} {[%emt
00:05:04]} 29. Rxc2 {[%clk 00:38:43]} {[%emt 00:00:38]} Qxc2 {[%clk 00:36:13]}
{[%emt 00:02:25]} 30. Qxc2 {[%clk 00:38:51]} {[%emt 00:00:22]} Rxc2 {[%clk
00:36:37]} {[%emt 00:00:07]} 31. Ra8 {[%clk 00:36:54]} {[%emt 00:02:25]} Rc6
{[%clk 00:35:29]} {[%emt 00:01:39]} 32. Rd8 {[%clk 00:35:45]} {[%emt 00:01:38]}
Rc1+ {[%clk 00:34:30]} {[%emt 00:01:30]} 33. Bf1 {[%clk 00:36:05]} {[%emt
00:00:11]} Rc6 {[%clk 00:34:54]} {[%emt 00:00:05]} 34. Kg2 {[%clk 00:34:22]}
{[%emt 00:02:13]} h6 {[%clk 00:34:15]} {[%emt 00:01:09]} 35. Be5 {[%clk
00:34:10]} {[%emt 00:00:41]} g6 {[%clk 00:30:44]} {[%emt 00:04:03]} 36. Bb5
{[%clk 00:32:51]} {[%emt 00:01:47]} Rb6 {[%clk 00:29:59]} {[%emt 00:01:16]} 37.
Bxf6 {[%clk 00:33:09]} {[%emt 00:00:12]} Rxf6 {[%clk 00:30:02]} {[%emt
00:00:27]} 38. Rxd5 {[%clk 00:33:13]} {[%emt 00:00:26]} Kg7 {[%clk 00:29:40]}
{[%emt 00:00:52]} 39. Rd7 {[%clk 00:32:28]} {[%emt 00:01:13]} Bb4 {[%clk
00:29:12]} {[%emt 00:00:59]} 40. Bc4 {[%clk 00:32:34]} {[%emt 00:00:25]} Be1
{[%clk 00:29:12]} {[%emt 00:00:30]} 41. f4 {[%emt 00:00:31]} Bd2 {[%clk
00:29:11]} {[%emt 00:00:29]} 42. e4 {[%clk 00:32:39]} {[%emt 00:00:25]} Be3
{[%clk 00:28:33]} {[%emt 00:01:07]} 43. e5 {[%clk 00:32:54]} {[%emt 00:00:16]}
Rc6 {[%clk 00:28:37]} {[%emt 00:00:26]} 44. Rxf7+ {[%clk 00:32:23]} {[%emt
00:01:02]} Kh8 {[%clk 00:28:35]} {[%emt 00:00:31]} 45. Bd3 {[%clk 00:31:15]}
{[%emt 00:01:39]} Bxd4 {[%clk 00:28:33]} {[%emt 00:00:32]} 46. Be4 {[%clk
00:30:33]} {[%emt 00:01:11]} Rb6 {[%clk 00:27:41]} {[%emt 00:01:23]} 47. Rd7
{[%clk 00:30:12]} {[%emt 00:00:52]} Bb2 {[%clk 00:27:35]} {[%emt 00:00:36]} 48.
Rd6 {[%clk 00:30:26]} {[%emt 00:00:13]} Rb4 {[%clk 00:27:35]} {[%emt 00:00:32]}
49. Bxg6 {[%clk 00:30:44]} {[%emt 00:00:13]} Kg7 {[%clk 00:27:41]} {[%emt
00:00:23]} 50. Bf5 {[%clk 00:30:45]} {[%emt 00:00:29]} Rb5 {[%clk 00:27:55]}
{[%emt 00:00:16]} 51. Rg6+ {[%clk 00:31:05]} {[%emt 00:00:10]} Kf7 {[%clk
00:27:51]} {[%emt 00:00:34]} 52. Rxh6 {[%clk 00:31:26]} {[%emt 00:00:09]} Kg7
{[%clk 00:27:57]} {[%emt 00:00:24]} 53. Rh7+ {[%clk 00:31:33]} {[%emt
00:00:24]} Kf8 {[%clk 00:28:07]} {[%emt 00:00:19]} 54. Bd7 {[%clk 00:31:24]}
{[%emt 00:00:40]} Rd5 {[%clk 00:27:52]} {[%emt 00:00:45]} 55. e6 {[%clk
00:31:33]} {[%emt 00:00:20]} Ba3 {[%clk 00:27:43]} {[%emt 00:00:36]} 56. Rf7+
{[%clk 00:31:16]} {[%emt 00:00:50]} Kg8 {[%clk 00:27:53]} {[%emt 00:00:20]} 57.
e7 {[%clk 00:31:26]} {[%emt 00:00:21]} Kxf7 {[%clk 00:27:39]} {[%emt 00:00:44]}
58. e8=Q+ {[%clk 00:31:27]} {[%emt 00:00:28]} Kg7 {[%clk 00:27:49]} {[%emt
00:00:20]} 59. Be6 {[%clk 00:31:08]} {[%emt 00:00:50]} Rd2+ {[%clk 00:27:47]}
{[%emt 00:00:32]} 60. Kh3 {[%clk 00:31:31]} {[%emt 00:00:07]} Re2 {[%clk
00:28:03]} {[%emt 00:00:12]} 61. Qg8+ {[%clk 00:31:05]} {[%emt 00:00:58]} Kh6
{[%clk 00:28:00]} {[%emt 00:00:33]} 62. Qg5+ {[%clk 00:30:55]} {[%emt
00:00:39]} Kh7 {[%clk 00:28:20]} {[%emt 00:00:11]} 63. Bf7 {[%clk 00:29:50]}
{[%emt 00:01:35]} Rxh2+ {[%clk 00:27:31]} {[%emt 00:01:20]} 64. Kxh2 {[%clk
00:30:13]} {[%emt 00:00:06]} Be7 {[%clk 00:27:35]} {[%emt 00:00:26]} 65. Qg6+
{[%clk 00:30:36]} {[%emt 00:00:07]} Kh8 {[%clk 00:27:56]} {[%emt 00:00:10]} 66.
Qg8# {[%emt 00:00:02]} 1-0